[Event "Djerba Blitz 2025"]
[Site "Djerba TUN"]
[Date "2025.02.19"]
[Round "1.21"]
[White "Kakavand, Ramtin"]
[Black "Soudani, Hassan"]
[Result "1-0"]
[WhiteTitle "FM"]
[WhiteElo "2106"]
[BlackElo "1598"]
[WhiteFideId "32790597"]
[BlackFideId "5508444"]
[EventDate "2025.02.19"]

1. e4 c5 2. Nf3 Nc6 3. Bb5 d6 4. O-O e5 5. Re1 Bg4 6. c3 g6 7. h3 Be6 8. d4 cxd4
9. cxd4 exd4 10. Nxd4 Ne7 11. Bg5 Qc7 12. Bf6 Rg8 13. Nc3 O-O-O 14. Nd5 1-0

[Event "Djerba Blitz 2025"]
[Site "Djerba TUN"]
[Date "2025.02.19"]
[Round "1.28"]
[White "Mekki, Walid"]
[Black "Messala, Noureddine"]
[Result "0-1"]
[WhiteElo "1578"]
[BlackElo "2069"]
[WhiteFideId "5523729"]
[BlackFideId "9001476"]
[EventDate "2025.02.19"]

1. e4 c5 2. Nf3 Nc6 3. Bb5 g6 4. d3 Bg7 5. Nc3 e6 6. Be3 d6 7. a3 Ne7 8. Qd2 h6
9. h3 a6 10. Ba4 b5 11. Bb3 Nd4 12. Bxd4 cxd4 13. Ne2 Qb6 14. O-O O-O 15. Nf4
Bb7 16. Rae1 e5 17. Nd5 Nxd5 18. exd5 Kh7 19. Re4 f5 20. Ree1 Qc5 21. Nh4 Bxd5
22. Bxd5 Qxd5 23. Kh1 Rac8 24. b3 Rf7 25. Re2 Bf6 26. Nf3 e4 27. Ng1 Re7 28. c3
dxc3 29. Qc2 exd3 30. Rxe7+ Bxe7 31. Qc1 d2 32. Qc2 Bf6 33. Rd1 Re8 34. Nf3 Re2
35. Rg1 Bd4 36. Rf1 Rxf2 37. Rxf2 Bxf2 38. Qd1 Qd3 39. Kh2 Be3 40. Nh4 c2 41.
Qf3 Qe4 42. Nxg6 Kxg6 43. Qg3+ Kf7 44. Qxd6 Bf4+ 45. Qxf4 Qxf4+ 46. g3 Qf2+ 47.
Kh1 d1=Q# 0-1

[Event "Djerba Blitz 2025"]
[Site "Djerba TUN"]
[Date "2025.02.19"]
[Round "2.9"]
[White "Stopa, Jacek"]
[Black "Chelly, Yahya"]
[Result "1-0"]
[WhiteTitle "GM"]
[WhiteElo "2310"]
[BlackElo "2106"]
[WhiteFideId "1119591"]
[BlackFideId "5516200"]
[EventDate "2025.02.19"]

1. d4 d5 2. c4 e6 3. Nc3 Nf6 4. cxd5 exd5 5. Bg5 Be7 6. e3 c6 7. Bd3 O-O 8. Nge2
h6 9. Bh4 Re8 10. O-O Nbd7 11. f3 c5 12. Bf2 cxd4 13. Nxd4 a6 14. Qd2 Ne5 15.
Rad1 Bf8 16. Rfe1 b5 17. Bb1 Nc4 18. Qc2 Bb7 19. Nf5 Rc8 20. a3 a5 21. Qb3 b4
22. axb4 axb4 23. Ne2 g6 24. Nfd4 Qb6 25. Nf4 Bc5 26. Nd3 Nxe3 27. Nxc5 Nxd1 28.
Rxd1 Qxc5 29. Nf5 Qf8 30. Bd4 Re6 31. Ng3 Kg7 32. Qd3 Rcc6 33. Nh5+ Kh8 34. Nxf6
Rxf6 35. Qe3 Kg7 36. Qf4 Qe7 37. Qg3 Rc4 38. Be5 d4 39. Qf4 Rc6 40. Qxd4 Re6 41.
Bxf6+ Qxf6 42. Qxb4 Rb6 43. Qc3 Qxc3 44. bxc3 Rc6 45. Be4 Rc7 46. Bxb7 Rxb7 47.
Rd2 Rc7 48. Rc2 Kf6 49. Kf2 Ke5 50. Ke3 Rc4 51. g3 g5 52. Kd3 Rc7 53. Re2+ Kf5
54. c4 g4 55. f4 Rd7+ 56. Kc3 f6 57. Rd2 Rc7 58. Rd5+ Ke4 59. Rh5 Kf3 60. Rxh6
Rc6 61. Kd4 Rd6+ 62. Kc5 Rd2 63. Kb6 Rc2 64. c5 Kg2 65. c6 Rb2+ 66. Kc7 f5 67.
Kd7 Rd2+ 68. Kc8 Rc2 1-0

[Event "Djerba Blitz 2025"]
[Site "Djerba TUN"]
[Date "2025.02.19"]
[Round "2.43"]
[White "Kolodner, Garry"]
[Black "Baba, Mouadh"]
[Result "1-0"]
[WhiteElo "1697"]
[BlackElo "1688"]
[WhiteFideId "2647630"]
[BlackFideId "5529409"]
[EventDate "2025.02.19"]

1. d4 Nf6 2. c4 e6 3. Nc3 Bb4 4. Bg5 h6 5. Bxf6 Qxf6 6. e4 d6 7. Bd3 Qxd4 8. Ne2
Bxc3+ 9. Nxc3 Qf6 10. O-O O-O 11. Qc2 Nc6 12. Rad1 Nb4 13. Qb1 Nxd3 14. Qxd3 b6
15. Nb5 Qd8 16. e5 a6 17. Nc3 Bb7 18. exd6 cxd6 19. Qxd6 Qg5 20. Qg3 Qc5 21. b3
Rac8 22. Na4 Qb4 23. Qe3 b5 24. Nb6 Rc6 25. Nd7 Rfc8 26. Ne5 R6c7 27. cxb5 axb5
28. h3 Rc3 29. Qd2 f6 30. Nd3 R8c7 31. Nxb4 1-0

[Event "Djerba Blitz 2025"]
[Site "Djerba TUN"]
[Date "2025.02.19"]
[Round "3.3"]
[White "Maisuradze, Nino"]
[Black "Dardha, Daniel"]
[Result "0-1"]
[WhiteTitle "WGM"]
[BlackTitle "GM"]
[WhiteElo "2174"]
[BlackElo "2652"]
[WhiteFideId "13601717"]
[BlackFideId "240990"]
[EventDate "2025.02.19"]

1. d4 Nf6 2. c4 e6 3. Nc3 Bb4 4. e3 O-O 5. Ne2 Re8 6. a3 Bf8 7. Ng3 d5 8. Bd3 a6
9. cxd5 exd5 10. O-O Be6 11. b4 Nc6 12. Rb1 g6 13. f4 Bg7 14. f5 Bd7 15. Qf3 Ne7
16. e4 dxe4 17. Ncxe4 Nxe4 18. Bxe4 Nxf5 19. Bxf5 Bxf5 20. Nxf5 gxf5 21. Qxf5
Qxd4+ 22. Kh1 Qf6 23. Qd3 Rad8 24. Qc4 b5 25. Bb2 bxc4 26. Bxf6 Bxf6 27. Rxf6 c3
28. Rc6 Re3 29. Rc1 Rd2 30. h3 Ree2 31. Rxc7 c2 32. Kh2 Rxg2+ 33. Kh1 Rge2 34.
Rc8+ Kg7 35. Rg1+ Kf6 36. Rf1+ Ke7 37. Rc7+ Kd6 38. Rcxf7 Rh2+ 0-1

[Event "Djerba Blitz 2025"]
[Site "Djerba TUN"]
[Date "2025.02.19"]
[Round "3.7"]
[White "Kakavand, Ramtin"]
[Black "Oro, Faustino"]
[Result "0-1"]
[WhiteTitle "FM"]
[BlackTitle "IM"]
[WhiteElo "2106"]
[BlackElo "2447"]
[WhiteFideId "32790597"]
[BlackFideId "20000197"]
[EventDate "2025.02.19"]

1. e4 c5 2. Nf3 d6 3. Bb5+ Nd7 4. a4 Nf6 5. Nc3 e6 6. d4 cxd4 7. Qxd4 Be7 8. O-O
O-O 9. Re1 Qc7 10. h3 Ne5 11. Be2 Nc6 12. Qd1 a6 13. Be3 b6 14. Nd2 Na5 15. Bd3
Bb7 16. Qe2 Nd7 17. Nb3 Nc6 18. Rad1 Nc5 19. Nd4 Bf6 20. Nxc6 Bxc6 21. Bxc5 bxc5
22. Qd2 d5 23. exd5 exd5 24. b3 g6 25. Ne2 c4 26. bxc4 dxc4 27. Bxc4 Bxa4 28.
Bb3 Bxb3 29. cxb3 Be5 30. Rc1 Qb7 31. Nc3 Rad8 32. Qc2 Bd4 33. Rcd1 Qc6 34. Rd3
Bb6 35. Red1 Rxd3 36. Rxd3 Re8 37. Qd1 Qe6 38. Nd5 Qe1+ 39. Qxe1 Rxe1+ 40. Kh2
Bxf2 41. Nf6+ Kg7 42. Ng4 Bc5 43. Rd5 Bb6 44. Kg3 h5 45. Nh2 Bc7+ 46. Kf2 Rb1
47. Nf3 Rxb3 48. Rd7 Bf4 49. g3 Rb2+ 50. Kf1 Bxg3 51. Ng5 Rf2+ 52. Kg1 Rf5 53.
Ne4 Bb8 54. Rb7 Be5 55. Kg2 a5 56. Ra7 Bd4 57. Rd7 Bc5 58. Rc7 Bb4 59. Ra7 Re5
60. Kf3 g5 61. Ng3 Kg6 62. Ra6+ f6 63. Ne4 Rf5+ 64. Ke2 Rf4 65. Ke3 Be1 66. Nd6
Bf2+ 67. Ke2 Bc5 68. Nb7 Bb4 69. Nxa5 Bxa5 70. Rxa5 g4 71. hxg4 hxg4 72. Ke3
Rf3+ 73. Ke2 f5 74. Ra8 Rb3 75. Kf2 Kg5 76. Ra4 Rb2+ 77. Kg1 g3 78. Rc4 f4 79.
Rc8 Kg4 80. Rc3 Rb1+ 81. Kg2 f3+ 82. Rxf3 Rb2+ 0-1

[Event "Djerba Blitz 2025"]
[Site "Djerba TUN"]
[Date "2025.02.19"]
[Round "3.10"]
[White "Njili, Kamel"]
[Black "Kaabi, Iheb"]
[Result "1-0"]
[WhiteTitle "IM"]
[WhiteElo "2406"]
[BlackElo "1810"]
[WhiteFideId "5500869"]
[BlackFideId "5508240"]
[EventDate "2025.02.19"]

1. d4 d5 2. c4 dxc4 3. Nc3 e5 4. d5 a6 5. a4 Nf6 6. e4 Bb4 7. f3 O-O 8. Bxc4
Nbd7 9. Be3 Nh5 10. Ne2 Qh4+ 11. Kd2 Qf6 12. Kc2 Nb6 13. Bb3 Bd7 14. g4 Nf4 15.
Nxf4 exf4 16. Bd4 Qg6 17. h4 Bxc3 18. Bxc3 h6 19. h5 Qd6 20. Qd4 f6 21. Bb4 Qe5
22. Qxe5 fxe5 23. a5 Nc8 24. Bxf8 Kxf8 25. Rhc1 Nd6 26. Kd2 Nb5 27. Ba4 Rc8 28.
Bxb5 Bxb5 29. Rc5 Ke7 30. Rac1 Kd6 31. Ke1 Ba4 32. Kf2 Bb5 33. Kg2 Ba4 34. R1c3
Bb5 35. Kh3 1-0

[Event "Djerba Blitz 2025"]
[Site "Djerba TUN"]
[Date "2025.02.19"]
[Round "3.16"]
[White "Zerarga, Imene"]
[Black "Rene, Benoit"]
[Result "1-0"]
[BlackTitle "FM"]
[WhiteElo "1831"]
[BlackElo "2108"]
[WhiteFideId "7921136"]
[BlackFideId "600636"]
[EventDate "2025.02.19"]

1. e4 c5 2. Nf3 d6 3. d4 cxd4 4. Nxd4 Nf6 5. Nc3 a6 6. Bg5 e6 7. f4 Be7 8. Qf3
h6 9. Bh4 Qc7 10. Bf2 Nbd7 11. O-O-O g5 12. g3 b5 13. e5 Bb7 14. Qe2 dxe5 15.
fxe5 Bxh1 16. exf6 Nxf6 17. Bh3 g4 18. Bxg4 Nxg4 19. Qxg4 Bb7 20. Qg7 O-O-O 21.
Qg4 Bc5 22. Bg1 Rd7 23. Nb3 Rxd1+ 1-0

[Event "Djerba Blitz 2025"]
[Site "Djerba TUN"]
[Date "2025.02.19"]
[Round "3.28"]
[White "Chelly, Yahya"]
[Black "Mallah, Mohamed Khalil"]
[Result "1-0"]
[WhiteElo "2106"]
[BlackElo "1499"]
[WhiteFideId "5516200"]
[BlackFideId "5549663"]
[EventDate "2025.02.19"]

1. e4 c5 2. Nf3 Nc6 3. Bd3 e6 4. Nc3 d5 5. e5 Nge7 6. O-O Ng6 7. Bxg6 hxg6 8. d3
Be7 9. Bg5 Bxg5 10. Nxg5 Qxg5 11. Nb5 Qxe5 12. Re1 Qxh2+ 13. Kf1 Nd4 14. Nc3
Qh1# 1-0

[Event "Djerba Blitz 2025"]
[Site "Djerba TUN"]
[Date "2025.02.19"]
[Round "5.1"]
[White "Oro, Faustino"]
[Black "Maghsoodloo, Parham"]
[Result "1-0"]
[WhiteTitle "IM"]
[BlackTitle "GM"]
[WhiteElo "2447"]
[BlackElo "2680"]
[WhiteFideId "20000197"]
[BlackFideId "12539929"]
[EventDate "2025.02.19"]

1. d4 d5 2. c4 e6 3. Nc3 Bb4 4. cxd5 exd5 5. Bf4 c6 6. e3 Ne7 7. h4 h6 8. Ne2
Na6 9. h5 Nc7 10. Ng3 a5 11. Bd3 O-O 12. O-O Ne8 13. Qc2 Bd6 14. Nce2 Nf6 15. f3
Bxf4 16. Nxf4 Re8 17. Rae1 b6 18. Qc3 Qd6 19. Nge2 Bf5 20. g4 Bxd3 21. Qxd3 c5
22. Kg2 Nc6 23. a3 Rac8 24. Qd2 cxd4 25. exd4 b5 26. Ng3 b4 27. Nf5 Qd7 28. Nd3
Qa7 29. Qf4 Qb8 30. Nxh6+ Kf8 31. Nf5 Qxf4 32. Nxf4 Ne7 33. Nxe7 Rxe7 34. Rxe7
Kxe7 35. g5 Nh7 36. Re1+ Kd6 37. Re5 Rc2+ 38. Kg3 Rxb2 39. Rxd5+ Kc6 40. Rxa5
bxa3 41. g6 fxg6 42. hxg6 Nf6 43. Rxa3 Rb7 44. Re3 Rd7 45. Re6+ Kb5 46. Rxf6
gxf6 47. Nh5 Rd5 48. f4 Rd8 49. Nxf6 1-0

[Event "Djerba Blitz 2025"]
[Site "Djerba TUN"]
[Date "2025.02.19"]
[Round "5.3"]
[White "Maurizzi, Marc'Andria"]
[Black "Stopa, Jacek"]
[Result "1-0"]
[WhiteTitle "GM"]
[BlackTitle "GM"]
[WhiteElo "2581"]
[BlackElo "2310"]
[WhiteFideId "36083534"]
[BlackFideId "1119591"]
[EventDate "2025.02.19"]

1. e4 e6 2. d4 d5 3. e5 c5 4. c3 Bd7 5. Nf3 Qb6 6. Be2 Bb5 7. dxc5 Bxc5 8. b4
Bxf2+ 9. Kf1 Bc6 10. a4 a6 11. a5 Qa7 12. Na3 Be3 13. b5 axb5 14. Nxb5 Bxb5 15.
Bxb5+ Nc6 16. Bxe3 Qxe3 17. a6 Ne7 18. axb7 Rb8 19. Nd4 O-O 20. Nxc6 Rxb7 21.
Nxe7+ Rxe7 22. Qd4 Qg5 23. h4 Qf5+ 24. Kg1 f6 25. exf6 Rxf6 26. Bd3 Qh5 27. Ra8+
Re8 28. Rxe8+ Qxe8 29. Rh3 Qf7 30. Rg3 Qe7 31. Qe5 Qc5+ 32. Kh2 Qe7 33. h5 1-0

[Event "Djerba Blitz 2025"]
[Site "Djerba TUN"]
[Date "2025.02.19"]
[Round "5.5"]
[White "Thorfinnsson, Bjorn"]
[Black "Pichon, Ewen"]
[Result "0-1"]
[WhiteTitle "IM"]
[BlackTitle "FM"]
[WhiteElo "2377"]
[BlackElo "2351"]
[WhiteFideId "2300982"]
[BlackFideId "45155593"]
[EventDate "2025.02.19"]

1. d4 d5 2. Nf3 Nf6 3. c3 c5 4. dxc5 e6 5. Be3 a5 6. h3 Na6 7. Ne5 Bd7 8. Qb3
Qc7 9. Nxd7 Nxd7 10. Qb5 Bxc5 11. Bxc5 Nxc5 12. Nd2 Ra6 13. e4 dxe4 14. O-O-O
O-O 15. Nc4 a4 16. g3 Rc6 17. Qxa4 Nxa4 0-1

[Event "Djerba Blitz 2025"]
[Site "Djerba TUN"]
[Date "2025.02.19"]
[Round "5.16"]
[White "Tahir, Abderrahmane"]
[Black "Mendili, Jahed"]
[Result "1-0"]
[WhiteElo "1891"]
[BlackElo "1771"]
[WhiteFideId "7916469"]
[BlackFideId "5541573"]
[EventDate "2025.02.19"]

1. Nf3 d5 2. g3 c5 3. Bg2 Nc6 4. d3 e5 5. Nbd2 Nf6 6. e4 h6 7. O-O Be6 8. exd5
Nxd5 9. Re1 Bd6 10. Nc4 f6 11. a4 Bc7 12. Nfd2 O-O 13. Ne4 b6 14. Kh1 Qd7 15.
Nc3 Rad8 16. Nxd5 Bxd5 17. Ne3 Bxg2+ 18. Kxg2 Nd4 19. c3 Qc6+ 20. f3 Ne6 21. Nf5
Rf7 22. Qe2 Kh8 23. Be3 Rfd7 24. d4 exd4 25. cxd4 cxd4 26. Rac1 Qxa4 27. Bxh6 d3
28. Qxe6 d2 29. Bxg7+ Rxg7 30. Qxf6 Rd7 31. Re8+ Kh7 32. Qh6# 1-0

[Event "Djerba Blitz 2025"]
[Site "Djerba TUN"]
[Date "2025.02.19"]
[Round "6.1"]
[White "Dardha, Daniel"]
[Black "Maurizzi, Marc'Andria"]
[Result "1/2-1/2"]
[WhiteTitle "GM"]
[BlackTitle "GM"]
[WhiteElo "2652"]
[BlackElo "2581"]
[WhiteFideId "240990"]
[BlackFideId "36083534"]
[EventDate "2025.02.19"]

1. d4 Nf6 2. c4 e6 3. Nf3 d5 4. g3 Be7 5. Bg2 O-O 6. O-O dxc4 7. Qc2 a6 8. a4
Bd7 9. Qxc4 Bc6 10. Bg5 Nbd7 11. Bxf6 Nxf6 12. Nc3 a5 13. Rfd1 Bxf3 14. Bxf3 c6
15. h4 h6 16. Kg2 Bb4 17. Na2 Be7 18. Qb3 Qc7 19. Nc3 Rfd8 20. e3 Bb4 21. Rac1
Qe7 22. Na2 Bd6 23. Nc3 Bb4 24. Na2 Bd6 25. Nc3 Bb4 1/2-1/2

[Event "Djerba Blitz 2025"]
[Site "Djerba TUN"]
[Date "2025.02.19"]
[Round "6.2"]
[White "Pichon, Ewen"]
[Black "Oro, Faustino"]
[Result "0-1"]
[WhiteTitle "FM"]
[BlackTitle "IM"]
[WhiteElo "2351"]
[BlackElo "2447"]
[WhiteFideId "45155593"]
[BlackFideId "20000197"]
[EventDate "2025.02.19"]

1. Nf3 Nf6 2. c4 b6 3. g3 Bb7 4. Bg2 g6 5. b3 Bg7 6. Bb2 O-O 7. O-O c5 8. Nc3 d6
9. Re1 Nbd7 10. d4 Ne4 11. Qd3 Nxc3 12. Bxc3 e6 13. Rad1 Qe7 14. Qd2 Nf6 15. Bb2
Rad8 16. Nh4 Bxg2 17. Nxg2 d5 18. cxd5 Nxd5 19. dxc5 Nc3 20. Qc2 Rxd1 21. Rxd1
Nxd1 22. Bxg7 Kxg7 23. Qxd1 Qxc5 24. Ne3 b5 25. Qd7 a5 26. h4 h5 27. Ng2 Qd5 28.
Qc7 Qd1+ 29. Kh2 Qxe2 30. Qc5 Qxa2 31. Qe5+ Kg8 32. Qe3 Qb2 33. Nf4 a4 34. bxa4
bxa4 35. Nd3 Qc3 36. Qe4 a3 37. Nb4 Qb2 38. Qc4 Qxf2+ 39. Kh3 Qf5+ 40. Kh2 Rd8
41. Qa2 Qe5 0-1

[Event "Djerba Blitz 2025"]
[Site "Djerba TUN"]
[Date "2025.02.19"]
[Round "6.3"]
[White "Maghsoodloo, Parham"]
[Black "Boudriga, Mohamed Ali"]
[Result "0-1"]
[WhiteTitle "GM"]
[BlackTitle "IM"]
[WhiteElo "2680"]
[BlackElo "2323"]
[WhiteFideId "12539929"]
[BlackFideId "5500460"]
[EventDate "2025.02.19"]

1. e4 e5 2. Nf3 Nc6 3. Bb5 a6 4. Ba4 Nf6 5. O-O Be7 6. Re1 b5 7. Bb3 O-O 8. h3
Bb7 9. d3 d6 10. a4 b4 11. a5 Rb8 12. Nbd2 Bc8 13. Bc4 h6 14. Nf1 Re8 15. Bd2
Bf8 16. Ne3 Nd4 17. c3 bxc3 18. Bxc3 Nb5 19. Bd2 Be6 20. Rc1 c5 21. b4 cxb4 22.
Bxb4 d5 23. exd5 Nxd5 24. Bxf8 Rxf8 25. Nxe5 Nxe3 26. Rxe3 Bxc4 27. dxc4 Qxd1+
28. Rxd1 Nc7 29. Nd7 Rbd8 30. c5 Ne6 31. c6 Rfe8 32. Rb1 Rc8 33. Rb6 Rc7 34.
Rxa6 Rec8 35. Ne5 Nd4 36. Rc3 Ne2+ 37. Kh2 Nxc3 38. Rb6 f6 39. Ng6 Kf7 40. Nf4
Rxc6 41. Rb3 Ra8 42. Rb7+ Kg8 43. Nh5 g6 44. Rg7+ Kf8 45. Rxg6 Rxa5 46. Rxh6 Rf5
47. f3 Kf7 48. Ng3 Ra5 49. Rh7+ Kg8 50. Rg7+ 0-1

[Event "Djerba Blitz 2025"]
[Site "Djerba TUN"]
[Date "2025.02.19"]
[Round "6.4"]
[White "Moussard, Jules"]
[Black "Bouzidi, Ahmed"]
[Result "1-0"]
[WhiteTitle "GM"]
[BlackTitle "CM"]
[WhiteElo "2595"]
[BlackElo "2168"]
[WhiteFideId "642908"]
[BlackFideId "5501733"]
[EventDate "2025.02.19"]

1. c4 Nf6 2. Nc3 c5 3. g3 g6 4. Bg2 Bg7 5. d3 O-O 6. Nh3 Nc6 7. O-O d6 8. Nf4
Rb8 9. Rb1 a6 10. a3 Nd4 11. b4 Ne6 12. Nxe6 Bxe6 13. bxc5 dxc5 14. Bf4 Ra8 15.
Bxb7 Ra7 16. Ne4 Bh3 17. Nxf6+ Bxf6 18. Bg2 Bxg2 19. Kxg2 Qd7 20. Qb3 e5 21. Be3
Re8 22. Kg1 Rc7 23. Qb6 Rc6 24. Qb7 Qd6 25. a4 h5 26. a5 h4 27. Rb6 Rxb6 28.
axb6 e4 29. dxe4 hxg3 30. hxg3 Bd4 31. Bf4 Qe6 32. Qc7 Qg4 33. e3 g5 34. exd4
gxf4 35. Qxf4 Qxf4 36. gxf4 cxd4 37. c5 1-0

[Event "Djerba Blitz 2025"]
[Site "Djerba TUN"]
[Date "2025.02.19"]
[Round "6.5"]
[White "Kobalia, Mikhail"]
[Black "Doucet, Pierre-Alois"]
[Result "1-0"]
[WhiteTitle "GM"]
[WhiteElo "2538"]
[BlackElo "2027"]
[WhiteFideId "4119150"]
[BlackFideId "551065738"]
[EventDate "2025.02.19"]

1. e4 c6 2. d4 d5 3. exd5 cxd5 4. Bd3 Nc6 5. c3 Nf6 6. Bf4 Bg4 7. Qb3 Qd7 8. Nd2
e6 9. Ngf3 Bd6 10. Bxd6 Qxd6 11. O-O O-O 12. Rae1 Bxf3 13. Nxf3 Rab8 14. Qc2 g6
15. Ne5 Nd7 16. f4 f5 17. Nxd7 Qxd7 18. Re3 Rbe8 19. Rfe1 Qd6 20. g3 Nd8 21. Qe2
Rf6 22. Kg2 Kg7 23. Rd1 Nf7 24. c4 Rc8 25. c5 Qe7 26. b4 a6 27. Re1 Nd8 28. a4
Kf7 29. b5 axb5 30. axb5 Ra8 31. Qb2 Qd7 32. Ra1 Qc8 33. Be2 h6 34. Rea3 Rxa3
35. Qxa3 g5 36. Qa8 Qd7 37. Qb8 Rg6 38. Ra8 Ke7 39. c6 Qd6 40. c7 Qa3 41.
cxd8=Q+ Kf7 42. Qf8+ Qxf8 43. Qxf8# 1-0

[Event "Djerba Blitz 2025"]
[Site "Djerba TUN"]
[Date "2025.02.19"]
[Round "6.6"]
[White "Stopa, Jacek"]
[Black "Boulrens, Ala Eddine"]
[Result "1-0"]
[WhiteTitle "GM"]
[WhiteElo "2310"]
[BlackElo "2121"]
[WhiteFideId "1119591"]
[BlackFideId "7907559"]
[EventDate "2025.02.19"]

1. d4 Nf6 2. c4 e6 3. Nc3 d5 4. cxd5 exd5 5. Bg5 Be7 6. e3 O-O 7. Bd3 c6 8. Nge2
Nbd7 9. O-O Re8 10. Qc2 Ne4 11. Bxe7 Qxe7 12. Bxe4 dxe4 13. Rab1 a5 14. a3 Nf6
15. b4 axb4 16. axb4 Be6 17. Ng3 Bc4 18. Rfd1 Bd3 19. Rxd3 exd3 20. Qxd3 Ra3 21.
Qc2 Rea8 22. h3 h5 23. b5 Ra1 24. Kh2 Rxb1 25. Qxb1 c5 26. Nce2 Qc7 27. f4 c4
28. Nc3 Re8 29. Nf1 h4 30. Qf5 Qd7 31. Qg5 Qe6 32. Qxh4 Qb6 33. Qg5 Qa5 34. Nd5
Nxd5 35. Qxd5 c3 36. Qc5 Qa1 37. Ng3 Qb2 38. Nh5 Re6 39. Qg5 Rg6 40. Qd8+ Kh7
41. Ng3 c2 42. Qh4+ Rh6 43. Qg5 c1=Q 44. Nf5 Rg6 45. Qh4+ Rh6 46. Qg5 Rg6 47.
Qh4+ Kg8 48. Qd8+ Kh7 49. Qh4+ Rh6 1-0

[Event "Djerba Blitz 2025"]
[Site "Djerba TUN"]
[Date "2025.02.19"]
[Round "6.7"]
[White "Chelly, Yahya"]
[Black "Njili, Kamel"]
[Result "0-1"]
[BlackTitle "IM"]
[WhiteElo "2106"]
[BlackElo "2406"]
[WhiteFideId "5516200"]
[BlackFideId "5500869"]
[EventDate "2025.02.19"]

1. d4 Nf6 2. c4 e6 3. Nc3 Bb4 4. e3 O-O 5. Bd3 d5 6. Nf3 c5 7. O-O Nc6 8. Qe2
dxc4 9. Bxc4 cxd4 10. Rd1 e5 11. exd4 exd4 12. Nb5 Bg4 13. Nbxd4 Nxd4 14. Rxd4
Qxd4 15. Nxd4 Bxe2 16. Nxe2 Rfe8 17. a3 Bc5 18. Bf4 Ne4 19. Bg3 Rad8 20. Bb5
Nxg3 21. Nxg3 Re5 22. Bc4 Rd2 23. b4 Bxf2+ 24. Kh1 b5 25. Bb3 Rd3 26. Bc2 Rxg3 0-1

[Event "Djerba Blitz 2025"]
[Site "Djerba TUN"]
[Date "2025.02.19"]
[Round "6.8"]
[White "Willems, Niels"]
[Black "Tahir, Abderrahmane"]
[Result "1-0"]
[WhiteTitle "FM"]
[WhiteElo "2414"]
[BlackElo "1891"]
[WhiteFideId "20695586"]
[BlackFideId "7916469"]
[EventDate "2025.02.19"]

1. c4 Nf6 2. Nc3 g6 3. g3 Bg7 4. Bg2 d6 5. d4 Nbd7 6. Nf3 O-O 7. O-O e5 8. b3
exd4 9. Nxd4 Nc5 10. Bb2 a5 11. Qd2 Re8 12. Rad1 h5 13. h3 a4 14. b4 a3 15. bxc5
axb2 16. Qxb2 dxc5 17. Nf5 Bd7 18. Nxg7 Kxg7 19. Ne4 Rxe4 20. Bxe4 Qe7 21. Bg2
Ba4 22. Qxb7 Re8 23. Rd2 h4 24. g4 Qe5 25. Qb2 Nd7 26. Qxe5+ Nxe5 27. Rd5 Nxc4
28. Rxc5 Nd2 29. Re1 Re7 30. Rd5 Nc4 31. Rd4 Bb5 32. Rc1 Rxe2 33. Rdxc4 Bxc4 34.
Rxc4 Rxa2 35. Rxc7 Rd2 36. Bf1 Rd4 37. Bc4 Rf4 38. Kg2 g5 39. f3 Kg6 40. Kf2 Kg7
41. Ke3 Kg6 42. Bd5 f5 43. Rc6+ Kg7 44. gxf5 Rxf5 45. Be4 Re5 46. Rb6 Kf7 47.
Rd6 Ke7 48. Rd5 Kf6 49. Rxe5 Kxe5 50. Bg6 Kf6 51. Bh5 Ke5 52. Bg4 Kf6 53. Ke4
Kg6 54. Ke5 Kh6 55. Ke4 1-0

[Event "Djerba Blitz 2025"]
[Site "Djerba TUN"]
[Date "2025.02.19"]
[Round "6.9"]
[White "Edouard, Romain"]
[Black "Minde, Baptiste"]
[Result "1-0"]
[WhiteTitle "GM"]
[WhiteElo "2544"]
[BlackElo "1896"]
[WhiteFideId "633429"]
[BlackFideId "45172110"]
[EventDate "2025.02.19"]

1. d4 Nf6 2. Bf4 c5 3. e3 Qb6 4. Nc3 a6 5. Rb1 e6 6. Nf3 cxd4 7. exd4 Bb4 8. Bd3
Nc6 9. a3 Bxc3+ 10. bxc3 Qa5 11. Rb3 O-O 12. O-O b5 13. Bd6 Re8 14. Re1 Bb7 15.
c4 Rac8 16. cxb5 axb5 17. Rxb5 Qa8 18. Rg5 Ne7 19. Ne5 Ng6 20. c4 Be4 21. Bf1
Qa6 22. Bb4 h6 23. Rg3 Bf5 24. c5 Qb7 25. Nc4 Ne4 26. Rge3 d5 27. cxd6 Red8 28.
g3 Nf8 29. Na5 Qb8 30. Rxe4 Bxe4 31. Rxe4 Nd7 32. Ba6 Nf6 33. Re1 Rxd6 34. Bxd6
Qxd6 35. Bxc8 Qc7 36. Bxe6 Qxa5 37. Bc4 1-0

[Event "Djerba Blitz 2025"]
[Site "Djerba TUN"]
[Date "2025.02.19"]
[Round "6.10"]
[White "Messala, Noureddine"]
[Black "Filali, Razzouki Marouane"]
[Result "0-1"]
[BlackTitle "CM"]
[WhiteElo "2069"]
[BlackElo "2234"]
[WhiteFideId "9001476"]
[BlackFideId "9003720"]
[EventDate "2025.02.19"]

1. d4 Nf6 2. Nf3 e6 3. Bf4 d5 4. e3 c5 5. c3 Nc6 6. Nbd2 Ne4 7. Nxe4 dxe4 8. Nd2
f5 9. Bc4 Bd6 10. Bxd6 Qxd6 11. Qh5+ g6 12. Qh6 Kf7 13. O-O-O Na5 14. Be2 cxd4
15. exd4 Bd7 16. h4 Qe7 17. h5 g5 18. g4 Qf6 19. Qxf6+ Kxf6 20. b4 Nc6 21. Nc4
Rac8 22. Kb2 Rhd8 23. Nd6 Rb8 24. Nc4 a6 25. f3 b5 26. Nd2 e3 27. Nb3 a5 28. a3
e5 29. d5 Ne7 30. gxf5 Bxf5 31. Nc5 axb4 32. axb4 Nxd5 33. Ra1 Nf4 34. Ra6+ Kf7
35. Bd1 e2 36. Bb3+ Kf8 37. Re1 Rd2+ 38. Kc1 Rbd8 39. Bc2 Rxc2+ 0-1

[Event "Djerba Blitz 2025"]
[Site "Djerba TUN"]
[Date "2025.02.19"]
[Round "6.11"]
[White "Papaux, Steve"]
[Black "Achour, Mohamed Anis"]
[Result "0-1"]
[WhiteElo "2204"]
[BlackElo "2066"]
[WhiteFideId "1337602"]
[BlackFideId "7904649"]
[EventDate "2025.02.19"]

1. Nf3 d5 2. c4 e6 3. e3 Nf6 4. Nc3 Be7 5. b3 O-O 6. Bb2 b6 7. cxd5 Nxd5 8. Rc1
Bb7 9. Qc2 c5 10. Qb1 Nc6 11. a3 Rc8 12. Ne4 Nf6 13. Ng3 Qd7 14. Bd3 Rfd8 15.
Bc2 Ba6 16. Rd1 Bd3 17. Ne2 Bxc2 18. Qxc2 b5 19. O-O Na5 20. Ne5 Qd5 21. Nc1 c4
22. b4 Nc6 23. Nf3 Qe4 24. Qc3 Bf8 25. Ne2 Nd5 26. Qc1 a5 27. bxa5 Nxa5 28. Nc3
Nxc3 29. Bxc3 Nb3 30. Qb2 Ra8 31. Bb4 Bxb4 32. axb4 Ra4 33. d3 Rxd3 34. Ng5 Qd5
35. e4 Qd8 36. Rxd3 Qxd3 37. Qe5 Qd8 38. Qf4 Ra7 39. e5 Nd4 40. Re1 Ne2+ 0-1